1248 1709 1011 1917 1481 1404 1014 1262 1833 1465 1716 1698 1531 1702 1089 1780 1691 1523 1160 1227 1545 1256 1646 1794 1755 1067 1929 1609 1466 1928 1340 1893 1195 1735 1855 1997 1593 1958 1772 1717 1010 1997 1549 1399 1916 1570 1033 1287 1879 1584 1984 1131 1833 1815 1841 1130 1315 1790 1732 1878 1515 1903 1911 1777 1211 1522 1940 1772 1743 1377 1117 1435 1634 1295 1414 1011 1621 1477 1103 1321 1614 1511 1496 1326 1869 1822 1210 1417 1482 1208 1886 1825 1134 1039 1556 1554 1203 1723 1346 BCNSPRNW ULIB Ver.6.0+V

เปลี่ยนเป็นภาษาไทย

Change to English
 แสดงรายละเอียดบรรณานุกรม
  กลับหน้าหลัก

Brief Record : Get Marc (ISO 2709) : E-mail record : QR code < ปิดหน้าต่าง
LEADER : 00000nam 2200000uu 4500
001    13399114356
003     ULIB
008    110627s||||||||th 000 0 tha d
020    9748327754
090    นว.^bค949ส ล.6
100 0  หวัง ซุก หยัง
245 00 สามก๊ก 6 ตอน เทพสงครามสิ้นชื่อ/^cหวัง ซุก หยัง
250    พิมพ์ครั้งที่ 1
260    กรุงเทพฯ :^bนานมีบุ๊คส์,^c2551
300    176 หน้า
710 1  นานมีบุ๊คส์
945    ^p158^l0^i024706
995    ทศพร
999 ^a ใช้งานได้ทุกระบบ
รายการนี้ยังไม่มีแท็ก
คุณยังไม่ได้ล็อกอิน คุณสามารถมีกิจกรรมร่วมกับเว็บไซต์ได้ แต่ต้องล็อกอินก่อน ::
  ล็อกอิน

รายการสื่อสารสนเทศ

ลำดับที่ ประเภท เลขเรียก/บาร์โค้ด สถานที่ สถานะ
1. นวนิยาย
นวนิยาย
นว. ค949ส ล.6 ฉ.1 
  Barcode: 024706
ห้องสมุดวิทยาเขตสวรรค์ประชารักษ์
►นวนิยาย
บนชั้น
  ขอยืม

รายการใกล้เคียง
    ผู้แต่ง [หวัง ซุก หยัง]

BibComment


ยังไม่เคยถูกคอมเมนท์

คอมเมนท์ทรัพยากรรายการนี้
  คอมเมนท์: สามก๊ก 6 ตอน เทพ..


 Copyright 2026. Bcnsprnw @Library